| 000 | 00592nam a2200241Ia 4500 | ||
|---|---|---|---|
| 003 | OSt | ||
| 005 | 20221005123934.0 | ||
| 006 | a|||||r|||| 00| 0 | ||
| 007 | ta | ||
| 008 | 221004b |||||||| |||| 00| 0 tam d | ||
| 024 | _a48764 | ||
| 037 | _cTextual | ||
| 040 |
_aCRL _cCRL _btam |
||
| 041 |
_2tam _atam |
||
| 082 | _aO31,1N32x, K9 | ||
| 100 |
_aParthasarathy _9628705 |
||
| 245 | 0 | _aManivannan kavidaigal | |
| 260 | _c1969 | ||
| 300 |
_a162 _ccm. |
||
| 650 | _aTAMIL POETRY | ||
| 942 |
_hO31,1N32x, K9 _cTEXL _2cc |
||
| 999 |
_c1049000 _d1049000 |
||